000 00663nam a2200217Ia 4500
001 20133
003 GE_BSU
008 181216s||||||||xx |||||||||||||| ||und||
040 _cGE_BSU
245 _aВрач. №1. 2017
245 _bЕжемесячный научно-практический журнал
245 _cГл.ред. Денисов И.Н. и др,
260 _aМосква
260 _c2017
300 _a86стр.29см.
653 _aВрач. №1. 2017
653 _aежемесячный научно-практический журнал
653 _aПериодика
653 _aპერიოდიკა
942 _cCR
999 _c53095
_d53095